000 00730nam a2200217 a 4500
005 20240913064617.0
008 050131s2002 mx r 000 0 spa d
020 _a950802142X
035 _aUPN01000137180
049 _aCG
050 4 _aHV6626.4 W6.5
_bE5.5
100 1 _aEntel, Rosa
245 1 0 _aMujeres en situación de violencia familiar :
_bembarazo y violencia; el varón violento frente al embarazo; modalidades de intervención desde el trabajo social /
_cRosa Entel.
260 _aArgentina :
_bEspacio,
_c2002.
300 _a168 p.
440 0 _aCiencias sociales
650 4 _aViolencia contra las mujeres
_99029
650 4 _aViolencia conyugal
_99030
650 4 _aViolencia familiar
_95665
905 _aLibro
999 _c109331
_d109331